<?xml version="1.0" encoding="UTF-8"?><?xml-stylesheet type="text/xsl" href="static/style.xsl"?><OAI-PMH xmlns="http://www.openarchives.org/OAI/2.0/" xmlns:xsi="http://www.w3.org/2001/XMLSchema-instance" xsi:schemaLocation="http://www.openarchives.org/OAI/2.0/ http://www.openarchives.org/OAI/2.0/OAI-PMH.xsd"><responseDate>2026-04-18T07:38:14Z</responseDate><request verb="GetRecord" identifier="oai:www.recercat.cat:10230/55046" metadataPrefix="marc">https://recercat.cat/oai/request</request><GetRecord><record><header><identifier>oai:recercat.cat:10230/55046</identifier><datestamp>2025-12-12T03:48:03Z</datestamp><setSpec>com_2072_6</setSpec><setSpec>col_2072_452952</setSpec></header><metadata><record xmlns="http://www.loc.gov/MARC21/slim" xmlns:dcterms="http://purl.org/dc/terms/" xmlns:xsi="http://www.w3.org/2001/XMLSchema-instance" xmlns:doc="http://www.lyncode.com/xoai" xsi:schemaLocation="http://www.loc.gov/MARC21/slim http://www.loc.gov/standards/marcxml/schema/MARC21slim.xsd">
   <leader>00925njm 22002777a 4500</leader>
   <datafield ind2=" " ind1=" " tag="042">
      <subfield code="a">dc</subfield>
   </datafield>
   <datafield ind2=" " ind1=" " tag="720">
      <subfield code="a">Koreny, Maria, 1972-</subfield>
      <subfield code="e">author</subfield>
   </datafield>
   <datafield ind2=" " ind1=" " tag="720">
      <subfield code="a">Arbillaga Etxarri, Ane, 1986-</subfield>
      <subfield code="e">author</subfield>
   </datafield>
   <datafield ind2=" " ind1=" " tag="720">
      <subfield code="a">Bosch de Basea i Gómez, Magda, 1982-</subfield>
      <subfield code="e">author</subfield>
   </datafield>
   <datafield ind2=" " ind1=" " tag="720">
      <subfield code="a">Foraster Pulido, Maria, 1984-</subfield>
      <subfield code="e">author</subfield>
   </datafield>
   <datafield ind2=" " ind1=" " tag="720">
      <subfield code="a">Carsin, Anne-Elie</subfield>
      <subfield code="e">author</subfield>
   </datafield>
   <datafield ind2=" " ind1=" " tag="720">
      <subfield code="a">Cirach, Marta</subfield>
      <subfield code="e">author</subfield>
   </datafield>
   <datafield ind2=" " ind1=" " tag="720">
      <subfield code="a">Gimeno Santos, Elena, 1980-</subfield>
      <subfield code="e">author</subfield>
   </datafield>
   <datafield ind2=" " ind1=" " tag="720">
      <subfield code="a">Barberan-Garcia, Anael</subfield>
      <subfield code="e">author</subfield>
   </datafield>
   <datafield ind2=" " ind1=" " tag="720">
      <subfield code="a">Nieuwenhuijsen, Mark J.</subfield>
      <subfield code="e">author</subfield>
   </datafield>
   <datafield ind2=" " ind1=" " tag="720">
      <subfield code="a">Vall Casas, Pere</subfield>
      <subfield code="e">author</subfield>
   </datafield>
   <datafield ind2=" " ind1=" " tag="720">
      <subfield code="a">Rodríguez-Roisin, Robert</subfield>
      <subfield code="e">author</subfield>
   </datafield>
   <datafield ind2=" " ind1=" " tag="720">
      <subfield code="a">García Aymerich, Judith</subfield>
      <subfield code="e">author</subfield>
   </datafield>
   <datafield ind2=" " ind1=" " tag="260">
      <subfield code="c">2022-11-30T07:44:08Z</subfield>
   </datafield>
   <datafield ind2=" " ind1=" " tag="260">
      <subfield code="c">2022-11-30T07:44:08Z</subfield>
   </datafield>
   <datafield ind2=" " ind1=" " tag="260">
      <subfield code="c">2022</subfield>
   </datafield>
   <datafield ind2=" " ind1=" " tag="520">
      <subfield code="a">Background: Physical activity and exercise capacity are key prognostic factors in chronic obstructive pulmonary disease (COPD) but their environmental determinants are unknown. Objectives: To test the association between urban environment and objective physical activity, physical activity experience and exercise capacity in COPD. Methods: We studied 404 patients with mild-to-very severe COPD from a multi-city study in Catalonia, Spain. We measured objective physical activity (step count and sedentary time) by the Dynaport MoveMonitor, physical activity experience (difficulty with physical activity) by the Clinical visit-PROactive (C-PPAC) instrument, and exercise capacity by the 6-min walk distance (6MWD). We estimated individually (geocoded to the residential address) population density, pedestrian street length, slope of terrain, and long-term (i.e., annual) exposure to road traffic noise, nitrogen dioxide (NO2) and particulate matter (PM2.5). We built single- and multi-exposure mixed-effects linear regressions with a random intercept for city, adjusting for confounders. Results: Patients were 85% male, had mean (SD) age 69 (9) years and walked 7524 (4045) steps/day. In multi-exposure models, higher population density was associated with fewer steps, more sedentary time and worse exercise capacity (-507 [95% CI: 1135, 121] steps, +0.2 [0.0, 0.4] h/day and -13 [-25, 0] m per IQR). Pedestrian street length related with more steps and less sedentary time (156 [9, 304] steps and -0.1 [-0.1, 0.0] h/day per IQR). Steeper slope was associated with better exercise capacity (15 [3, 27] m per IQR). Higher NO2 levels related with more sedentary time and more difficulty in physical activity. PM2.5 and noise were not associated with physical activity or exercise capacity. Discussion: Population density, pedestrian street length, slope and NO2 exposure relate to physical activity and capacity of COPD patients living in highly populated areas. These findings support the consideration of neighbourhood environmental factors during COPD management and the attention to patients with chronic diseases when developing urban and transport planning policies.</subfield>
   </datafield>
   <datafield tag="653" ind2=" " ind1=" ">
      <subfield code="a">Air pollution</subfield>
   </datafield>
   <datafield tag="653" ind2=" " ind1=" ">
      <subfield code="a">Chronic obstructive pulmonary disease</subfield>
   </datafield>
   <datafield tag="653" ind2=" " ind1=" ">
      <subfield code="a">Exercise capacity</subfield>
   </datafield>
   <datafield tag="653" ind2=" " ind1=" ">
      <subfield code="a">Noise</subfield>
   </datafield>
   <datafield tag="653" ind2=" " ind1=" ">
      <subfield code="a">Physical activity</subfield>
   </datafield>
   <datafield tag="653" ind2=" " ind1=" ">
      <subfield code="a">Urban environment</subfield>
   </datafield>
   <datafield ind2="0" ind1="0" tag="245">
      <subfield code="a">Urban environment and physical activity and capacity in patients with chronic obstructive pulmonary disease</subfield>
   </datafield>
</record></metadata></record></GetRecord></OAI-PMH>